[Event "GRE-chT 44th"]
[Site "Achaia"]
[Date "2016.07.08"]
[Round "5.8"]
[White "Iliopoulou, Eleni"]
[Black "Serpetsidaki, Eva"]
[Result "0-1"]
[WhiteElo "1478"]
[BlackElo "1745"]
[PlyCount "124"]
[EventDate "2016.07.05"]
[EventType "team-swiss"]
[EventRounds "7"]
[EventCountry "GRE"]
[SourceTitle "CBM 173 Extra"]
[Source "ChessBase"]
[SourceDate "2016.08.29"]
[SourceVersion "1"]
[SourceVersionDate "2016.08.29"]
[SourceQuality "1"]
[WhiteTeam "Florinas OP"]
[BlackTeam "OFI"]
[WhiteTeamCountry "GRE"]
[BlackTeamCountry "GRE"]

1. d4 d5 2. c4 e6 3. Nc3 Nf6 4. cxd5 exd5 5. Bg5 Be7 6. e3 0-0 7. Bd3 h6 8. Bh4 c6 9. Qc2 Re8 10. Nge2 Na6 11. Bxa6 bxa6 12. 0-0 Bg4 13. Na4 Rc8 14. f3 Bd7 15. Bf2 Bd6 16. Qd3 Qa5 17. Nec3 Qc7 18. g3 a5 19. Rfe1 Bh3 20. Nc5 h5 21. e4 dxe4 22. N3xe4 Nxe4 23. Rxe4 Rxe4 24. Qxe4 Qb8 25. b3 g6 26. Re1 Bf5 27. Qe2 Rd8 28. f4 Kf8 29. Qa6 Qc7 30. Qe2 Qc8 31. Qe3 Re8 32. Qxe8+ Qxe8 33. Rxe8+ Kxe8 34. a3 Bc2 35. b4 axb4 36. axb4 Kd8 37. Be1 Kc7 38. Kf2 Kb6 39. Ke3 Bf5 40. Bc3 Kb5 41. Bd2 Kc4 42. Na6 Be6 43. Nc5 Bf5 44. Na6 Kd5 45. Bc3 Be7 46. Nc5 Kc4 47. Bd2 Bf6 48. Nb7 Bxd4+ 49. Ke2 Bd3+ 50. Ke1 Bc3 51. Na5+ Kxb4 52. Nxc6+ Kc5 53. Bxc3 Kxc6 54. Kd2 Bf5 55. Bd4 a5 56. Kc3 Kd5 57. Bb6 a4 58. Kb4 Bc2 59. Kc3 Bb3 60. h3 Ke4 61. g4 hxg4 62. hxg4 Kxf4 0-1

[Event "GRE-chT 43rd"]
[Site "Porto Rio"]
[Date "2015.10.10"]
[Round "5.7"]
[White "Asvestopoulou, Evdokia"]
[Black "Iliopoulou, Eleni"]
[Result "1/2-1/2"]
[WhiteElo "1689"]
[BlackElo "1438"]
[PlyCount "95"]
[EventDate "2015.10.08"]
[EventType "team-swiss"]
[EventRounds "7"]
[EventCountry "GRE"]
[SourceTitle "CBM 168 Extra"]
[Source "ChessBase"]
[SourceDate "2015.10.29"]
[SourceVersion "1"]
[SourceVersionDate "2015.10.29"]
[SourceQuality "1"]
[WhiteTeam "Piraikos"]
[BlackTeam "Florinas OP"]
[WhiteTeamCountry "GRE"]
[BlackTeamCountry "GRE"]

1. d4 d5 2. c4 e6 3. Nc3 Nf6 4. Bg5 Be7 5. e3 Nbd7 6. Nf3 0-0 7. Bd3 h6 8. Bh4 dxc4 9. Bxc4 a6 10. a4 b6 11. 0-0 Bb7 12. Bd3 c5 13. Qe2 cxd4 14. exd4 Re8 15. Rfd1 Nh7 16. Bg3 Ndf6 17. Rac1 Bd6 18. Ne5 Nd5 19. Ne4 Bxe5 20. dxe5 Qe7 21. Nd6 Red8 22. Rd2 Rxd6 23. exd6 Qd7 24. b3 Nhf6 25. Rcd1 Ne8 26. Bc4 Nxd6 27. Bxd5 Bxd5 28. Rxd5 exd5 29. Rxd5 Qe8 30. Qd1 Nb7 31. h3 Nc5 32. Bc7 Qe6 33. a5 Rc8 34. Bxb6 Ne4 35. b4 Ng5 36. Rd3 Qc4 37. Rd4 Qc3 38. Qd2 Qc6 39. Kh2 Qf6 40. Rd5 Ne4 41. Qe3 Ng5 42. b5 axb5 43. Rxb5 Qc6 44. Qd3 Ne6 45. Rb3 Nc5 46. Bxc5 Qxc5 47. Qd2 Ra8 48. Rg3 1/2-1/2

[Event "GRE-chT 42nd"]
[Site "Porto Rio"]
[Date "2014.06.29"]
[Round "3.5"]
[White "Iliopoulou, Eleni"]
[Black "Asvestopoulou, Evdokia"]
[Result "0-1"]
[WhiteElo "1432"]
[BlackElo "1662"]
[PlyCount "58"]
[EventDate "2014.06.28"]
[EventType "team-swiss"]
[EventRounds "7"]
[EventCountry "GRE"]
[SourceTitle "CBM 161 Extra"]
[Source "ChessBase"]
[SourceDate "2014.08.29"]
[SourceVersion "1"]
[SourceVersionDate "2014.08.29"]
[SourceQuality "1"]
[WhiteTeam "Florinas OP"]
[BlackTeam "Peiraikos PG"]
[WhiteTeamCountry "GRE"]
[BlackTeamCountry "GRE"]

1. f4 Nf6 2. Nf3 e6 3. e3 d5 4. d4 c5 5. c3 Be7 6. Bd3 0-0 7. Nbd2 Nc6 8. 0-0 c4 9. Bc2 b5 10. Ne5 Bb7 11. Qe1 b4 12. Nxc6 Bxc6 13. Nf3 a5 14. Bd2 Rb8 15. Qc1 Bb5 16. Ne5 Qc7 17. Qe1 a4 18. Rf3 b3 19. axb3 cxb3 20. Bd3 Bxd3 21. Nxd3 Ra8 22. Bc1 Rfb8 23. Rf2 Nd7 24. Re2 Nb6 25. Rf2 Nc4 26. Re2 a3 27. Rf2 axb2 28. Bxb2 Ra2 29. Rxa2 bxa2 0-1

[Event "GRE-chT 41st"]
[Site "Achaia"]
[Date "2013.07.07"]
[Round "7.6"]
[White "Iliopoulou, Eleni"]
[Black "Kalyva, Kyriaki"]
[Result "0-1"]
[WhiteElo "1403"]
[BlackElo "1393"]
[PlyCount "56"]
[EventDate "2013.07.02"]
[EventType "team-swiss"]
[EventRounds "7"]
[EventCountry "GRE"]
[SourceTitle "CBM 155 Extra"]
[Source "ChessBase"]
[SourceDate "2013.08.26"]
[SourceVersion "1"]
[SourceVersionDate "2013.08.26"]
[SourceQuality "1"]
[WhiteTeam "Florinas OP"]
[BlackTeam "Patron CN"]
[WhiteTeamCountry "GRE"]
[BlackTeamCountry "GRE"]

1. f4 e6 2. Nf3 Nf6 3. e3 d5 4. b3 Bd6 5. Bb2 0-0 6. Be2 c5 7. 0-0 Nc6 8. Bb5 Qb6 9. Bxc6 bxc6 10. Nc3 Ba6 11. Na4 Qc7 12. Re1 Nd7 13. g3 c4 14. Qe2 Nb6 15. Nxb6 axb6 16. Qg2 c5 17. Qh3 Rfe8 18. Qh5 f6 19. Qg4 Qf7 20. e4 cxb3 21. exd5 exd5 22. axb3 Rxe1+ 23. Rxe1 Bc8 24. f5 Ra2 25. Rb1 d4 26. Qe4 Bb7 27. Qe2 Qd5 28. Nh4 Qh1+ 0-1

[Event "GRE-chT 41st"]
[Site "Achaia"]
[Date "2013.07.02"]
[Round "1.6"]
[White "Drakaki, Anna Maria"]
[Black "Iliopoulou, Eleni"]
[Result "1-0"]
[WhiteElo "1910"]
[BlackElo "1403"]
[PlyCount "27"]
[EventDate "2013.07.02"]
[EventType "team-swiss"]
[EventRounds "7"]
[EventCountry "GRE"]
[SourceTitle "CBM 155 Extra"]
[Source "ChessBase"]
[SourceDate "2013.08.26"]
[SourceVersion "1"]
[SourceVersionDate "2013.08.26"]
[SourceQuality "1"]
[WhiteTeam "Nice Fysiolatris"]
[BlackTeam "Florinas OP"]
[WhiteTeamCountry "GRE"]
[BlackTeamCountry "GRE"]

1. d4 d5 2. c4 e6 3. g3 Nf6 4. Bg2 Be7 5. Nf3 0-0 6. 0-0 Nbd7 7. Qc2 c6 8. Nbd2 Bd6 9. e4 e5 10. dxe5 Nxe5 11. Nxe5 Bxe5 12. exd5 cxd5 13. cxd5 Nxd5 14. Qe4 1-0

[Event "GRE-chT 40th"]
[Site "Achaia"]
[Date "2012.06.30"]
[Round "1.11"]
[White "Iliopoulou, Eleni"]
[Black "Alexiou, Dimitrios"]
[Result "0-1"]
[WhiteElo "1363"]
[BlackElo "1586"]
[PlyCount "90"]
[EventDate "2012.06.30"]
[EventType "team-swiss"]
[EventRounds "7"]
[EventCountry "GRE"]
[SourceTitle "CBM 149 Extra"]
[Source "ChessBase"]
[SourceDate "2012.08.24"]
[SourceVersion "1"]
[SourceVersionDate "2012.08.24"]
[SourceQuality "1"]
[WhiteTeam "Florinas"]
[BlackTeam "Ptolemaida Ptolemaios"]
[WhiteTeamCountry "GRE"]
[BlackTeamCountry "GRE"]

1. f4 d6 2. Nf3 c5 3. b3 Nc6 4. e3 a6 5. Bb2 e6 6. Be2 Nf6 7. 0-0 Be7 8. a3 0-0 9. Qe1 b5 10. Nc3 Bb7 11. Qg3 d5 12. d4 Na7 13. Nd1 c4 14. b4 Nc8 15. Nf2 Nd6 16. Ne5 Nde4 17. Nxe4 Nxe4 18. Qh3 Qc8 19. c3 f6 20. Ng4 Qd7 21. Nf2 Nd6 22. Bg4 f5 23. Bf3 Rf6 24. Nh1 Rh6 25. Bh5 g6 26. g4 fxg4 27. Qxg4 Rxh5 28. Ng3 Rh4 29. Qf3 Rf8 30. Rf2 Nf5 31. Rg2 Rh3 32. Qg4 Rxg3 33. hxg3 Nxe3 34. Qe2 Nxg2 35. Qxg2 Rf5 36. Qh3 Rh5 37. Qg4 Bc8 38. Re1 Qd8 39. Qf3 Bd6 40. Bc1 Rf5 41. g4 Rf8 42. Kg2 g5 43. f5 Be7 44. Qe3 Re8 45. fxe6 Bf6 0-1